| 000 | 00686nam a2200193 a 4500 | ||
|---|---|---|---|
| 001 | 000725119 | ||
| 003 | AM-YeHGA | ||
| 005 | 20250617143018.0 | ||
| 008 | 100331s1985 ru r 000 0 rus d | ||
| 040 | _aAM-YeHGA | ||
| 041 | 0 | _arus | |
| 100 | 1 | _aМарич, Мария Давыдовна | |
| 245 | 1 | 0 |
_aСеверное сияние : _bИсторический роман / _cМария Марич. |
| 260 |
_aМосква : _bХудожественная литература, _c1985. |
||
| 300 |
_a765 с. ; _c21 см. |
||
| 653 | 0 | _aДекабристы (х. л.) | |
| 653 | 0 | _aРеволюционное движение в России, 19 в. (х. л.) | |
| 090 | _c269572 | ||
| 999 |
_c267935 _d267935 |
||